<?xml version="1.0" encoding="UTF-8"?>
<collection xmlns="http://www.loc.gov/MARC21/slim">
 <record>
  <leader>06255nam a2200361 a 4500</leader>
  <controlfield tag="001">kal5005</controlfield>
  <controlfield tag="003">Gr-AtHEAL</controlfield>
  <controlfield tag="005">20160427110412.0</controlfield>
  <controlfield tag="006">m        d        </controlfield>
  <controlfield tag="008">160413s2015    gr      s           gre|c</controlfield>
  <datafield tag="020" ind1=" " ind2=" ">
   <subfield code="a">9789606034541</subfield>
  </datafield>
  <datafield tag="040" ind1=" " ind2=" ">
   <subfield code="a">GR-AtHEAL</subfield>
   <subfield code="b">gre</subfield>
   <subfield code="c">GR-AtHEAL</subfield>
  </datafield>
  <datafield tag="082" ind1="0" ind2="4">
   <subfield code="a">621.388</subfield>
   <subfield code="2">23</subfield>
  </datafield>
  <datafield tag="100" ind1="1" ind2=" ">
   <subfield code="a">Παπαδάκης, Ανδρέας.</subfield>
   <subfield code="8">1234</subfield>
  </datafield>
  <datafield tag="245" ind1="1" ind2="0">
   <subfield code="a">Ψηφιακή τηλεόραση: επίγεια ψηφιακή τηλεόραση</subfield>
   <subfield code="h">[Ηλεκτρονικός πόρος] </subfield>
   <subfield code="c">Παπαδάκης, ΑνδρέαςΣ ; Κριτικός αναγνώστης,Μήτρου, Νικόλαος ; Τεχνική επιμέλεια,Φωτεινόπουλος, Μιχάλης- Αναστάσιος ; Γλωσσική επιμέλεια,ΤΣΙΑΜΗΣ, ΒΑΣΙΛΕΙΟΣ.</subfield>
  </datafield>
  <datafield tag="260" ind1=" " ind2=" ">
   <subfield code="a">Αθήνα :</subfield>
   <subfield code="b">Σύνδεσμος Ελληνικών Ακαδημαϊκών Βιβλιοθηκών,</subfield>
   <subfield code="c">c2015.</subfield>
  </datafield>
  <datafield tag="490" ind1=" " ind2=" ">
   <subfield code="a">Ακαδημαϊκά Ηλεκτρονικά Συγγράμματα και Βοηθήματα Κάλλιπος</subfield>
   <subfield code="8">40</subfield>
  </datafield>
  <datafield tag="520" ind1=" " ind2=" ">
   <subfield code="a">Η Ψηφιακή Τηλεόραση είναι μια συναρπαστική θεματική περιοχή η οποία αποτελεί το σημείο συνάντησης των τηλεπικοινωνιών, της ψηφιακής επεξεργασίας σήματος, των πολυμέσων και πλέον και των δικτύων. Τα πρότυπα και οι τεχνολογίες στα οποία βασίζεται η τηλεόραση παραδοσιακά διακρίνονται από σταθερότητα, ωστόσο η πρόσφατη μετάβαση από την αναλογική στην ψηφιακή τεχνολογία τα ενίσχυσε και τα μετασχημάτισε παράλληλα σε σημαντικό βαθμό. Αυτό σημαίνει ότι υπάρχει ανάγκη γα διδακτικά βιβλία – συγγράμματα τα οποία να αντιμετωπίζουν τις δύο παραπάνω προκλήσεις, να παρέχουν δηλαδή μια κατά το δυνατόν ολοκληρωμένη προσέγγιση των μεθοδολογιών, προτύπων και τεχνολογιών που εμπλέκονται και επιπλέον να έχουν μια σύγχρονη και επικαιροποιημένη προσέγγιση της περιγραφής αυτών. Στο πλαίσιο του προτεινόμενου βιβλίου θα προσπαθήσουμε να δώσουμε μια ολοκληρωμένη προσέγγιση καταπιανόμενοι με όλα τα βασικά σημεία του οικοσυστήματος της ψηφιακής τηλεόρασης.* Τις αρχές και απαιτήσεις της ψηφιακής τηλεόρασης, καθώς και τις προκλήσεις που δημιουργούνται από τη μετάβαση από την αναλογική στην ψηφιακή τηλεόραση.* Τη δημιουργία, τη συμπίεση και την επεξεργασία του πολυμεσικού περιεχομένου, δηλαδή ήχου, εικόνας και βίντεο. Σε συνδυασμό με μεθόδους μέτρησης της ποιότητας του περιεχομένου θα γίνει κριτική αξιολόγηση των μεθόδων συμπίεσης ως προς τις απώλειες ποιότητας και το όφελος στη συμπίεση.* Πακετοποίηση των δεδομένων με χρήση των συρμών μεταφοράς (MPEG2 – Transport Stream). * Κωδικοποίηση καναλιού μέσω της προληπτικής διόρθωσης σφαλμάτων.* Μετάδοση και επεξήγηση των βασικών τρόπων κωδικοποίησης, καθώς και το σκεπτικό επιλογής καθενός από αυτούς. Διαμόρφωση OFDM.* Πλαίσια παροχής υπηρεσιών όπως το MHP (Multimedia Home Platform) και το MHEG-5 (Multimedia and Hypermedia Experts Group).* Οι νέες κατευθύνσεις, συμπεριλαμβανομένης της μετάδοσης στερεοσκοπικού σήματος ή σήματος σε υπερυψηλή ποιότητα, καθώς και της μετάδοσης μέσω δικτύων δεδομένων.</subfield>
  </datafield>
  <datafield tag="650" ind1=" " ind2="0">
   <subfield code="a">Digital television</subfield>
   <subfield code="8">2663</subfield>
  </datafield>
  <datafield tag="653" ind1=" " ind2=" ">
   <subfield code="a">Προληπτικός έλεγχος σφαλμάτων</subfield>
  </datafield>
  <datafield tag="653" ind1=" " ind2=" ">
   <subfield code="a">Μετάδοση</subfield>
  </datafield>
  <datafield tag="653" ind1=" " ind2=" ">
   <subfield code="a">Συμπίεση</subfield>
  </datafield>
  <datafield tag="653" ind1=" " ind2=" ">
   <subfield code="a">Τεχνολογία και επιστήμες μηχανικών</subfield>
   <subfield code="a">Μηχανική και τεχνολογία τηλεπικοινωνιών</subfield>
   <subfield code="a">Επικοινωνίες πολυμέσων</subfield>
  </datafield>
  <datafield tag="653" ind1=" " ind2=" ">
   <subfield code="a">Τεχνολογία και επιστήμες μηχανικών</subfield>
   <subfield code="a">Μηχανική και τεχνολογία τηλεπικοινωνιών</subfield>
   <subfield code="a">Ψηφιακές επικοινωνίες</subfield>
  </datafield>
  <datafield tag="653" ind1=" " ind2=" ">
   <subfield code="a">Τεχνολογία και επιστήμες μηχανικών</subfield>
   <subfield code="a">Μηχανική και τεχνολογία τηλεπικοινωνιών</subfield>
   <subfield code="a">Επεξεργασία σήματος</subfield>
  </datafield>
  <datafield tag="653" ind1=" " ind2=" ">
   <subfield code="a">Τεχνολογία και επιστήμες μηχανικών</subfield>
   <subfield code="a">Μηχανική και τεχνολογία τηλεπικοινωνιών</subfield>
   <subfield code="a">Σήματα και συστήματα</subfield>
  </datafield>
  <datafield tag="653" ind1=" " ind2=" ">
   <subfield code="a">Τεχνολογία και επιστήμες μηχανικών</subfield>
   <subfield code="a">Μηχανική και τεχνολογία τηλεπικοινωνιών</subfield>
   <subfield code="a">Ψηφιακή τηλεόραση</subfield>
  </datafield>
  <datafield tag="700" ind1="1" ind2=" ">
   <subfield code="a">Μήτρου, Νικόλαος</subfield>
   <subfield code="e">Κριτικός αναγνώστης</subfield>
   <subfield code="8">1239</subfield>
  </datafield>
  <datafield tag="856" ind1="4" ind2="0">
   <subfield code="u">http://hdl.handle.net/11419/5005</subfield>
   <subfield code="z">Πλήρες Κείμενο - Full text</subfield>
  </datafield>
  <datafield tag="907" ind1=" " ind2=" ">
   <subfield code="a">.b25678176</subfield>
   <subfield code="b">12-06-18</subfield>
   <subfield code="c">29-07-16</subfield>
  </datafield>
  <datafield tag="949" ind1=" " ind2=" ">
   <subfield code="0">0</subfield>
   <subfield code="1">0</subfield>
   <subfield code="2">ddc</subfield>
   <subfield code="4">0</subfield>
   <subfield code="6">621_388000000000000_ΠΑΠ</subfield>
   <subfield code="7">0</subfield>
   <subfield code="8">KALL</subfield>
   <subfield code="8">576</subfield>
   <subfield code="d">2016-04-13</subfield>
   <subfield code="r">2016-04-13</subfield>
   <subfield code="w">2016-04-13</subfield>
   <subfield code="z">621.388 ΠΑΠ</subfield>
   <subfield code="o">SEAB KALLIPOS</subfield>
  </datafield>
  <datafield tag="998" ind1=" " ind2=" ">
   <subfield code="a">80</subfield>
   <subfield code="a">01</subfield>
   <subfield code="a">02</subfield>
   <subfield code="a">03</subfield>
   <subfield code="a">04</subfield>
   <subfield code="a">06</subfield>
   <subfield code="a">05</subfield>
   <subfield code="a">07</subfield>
   <subfield code="a">08</subfield>
   <subfield code="a">09</subfield>
   <subfield code="a">10</subfield>
   <subfield code="a">11</subfield>
   <subfield code="a">12</subfield>
   <subfield code="a">13</subfield>
   <subfield code="a">14</subfield>
   <subfield code="a">15</subfield>
   <subfield code="a">16</subfield>
   <subfield code="a">17</subfield>
   <subfield code="a">18</subfield>
   <subfield code="a">19</subfield>
   <subfield code="a">20</subfield>
   <subfield code="a">21</subfield>
   <subfield code="a">22</subfield>
   <subfield code="a">23</subfield>
   <subfield code="a">24</subfield>
   <subfield code="a">25</subfield>
   <subfield code="a">26</subfield>
   <subfield code="b">11-05-17</subfield>
   <subfield code="c">m</subfield>
   <subfield code="d">z  </subfield>
   <subfield code="e">-</subfield>
   <subfield code="f">gre</subfield>
   <subfield code="g">gr </subfield>
   <subfield code="h">0</subfield>
  </datafield>
  <datafield tag="942" ind1=" " ind2=" ">
   <subfield code="2">ddc</subfield>
   <subfield code="c">KALLIPOS</subfield>
  </datafield>
 </record>
</collection>
